[Event "SLO-ch U14 Girls"]
[Site "Postojna"]
[Date "2008.02.28"]
[Round "6"]
[White "Kovacec, Rebeka"]
[Black "Hervolj, Manca"]
[Result "0-1"]
[WhiteElo "1527"]
[BlackElo "1517"]
[PlyCount "114"]
[EventDate "2008.02.24"]
[EventType "swiss"]
[EventRounds "9"]
[EventCountry "SLO"]
[SourceTitle "EXT 2010"]
[Source "ChessBase"]
[SourceDate "2010.11.25"]
[SourceVersion "1"]
[SourceVersionDate "2010.11.25"]
[SourceQuality "1"]

1. e4 e5 2. Nf3 Nc6 3. d4 exd4 4. Nxd4 Nxd4 5. Qxd4 Qf6 6. Be3 Qxd4 7. Bxd4 a6 8. Bd3 d6 9. 0-0 Be6 10. Nc3 Ne7 11. a3 Nc6 12. Be3 Be7 13. f4 f6 14. Rf3 0-0-0 15. f5 Bf7 16. Rf2 Ne5 17. Be2 d5 18. exd5 Bxd5 19. Nxd5 Rxd5 20. Rd1 Rhd8 21. Rxd5 Rxd5 22. b4 b5 23. Bf4 c5 24. Bxe5 Rxe5 25. c4 cxb4 26. axb4 Bxb4 27. Kf1 bxc4 28. Rf4 a5 29. Bxc4 Kc7 30. Bg8 h6 31. Rc4+ Rc5 32. Rxc5+ Bxc5 33. Ke2 Kd6 34. Kf3 Ke5 35. g4 a4 36. Kg3 Be3 37. Kf3 Bg5 38. h3 Kd4 39. Bf7 a3 40. Ba2 Kc3 41. Ke4 Kb2 42. Bf7 a2 43. Bxa2 Kxa2 44. Kd5 Kb3 45. Ke6 Kc3 46. Kf7 Kd3 47. Kxg7 Ke3 48. Kg6 Kf3 49. h4 Bxh4 50. Kxh6 Bg5+ 51. Kh5 Kf4 52. Kg6 Kxg4 53. Kf7 Kxf5 54. Ke7 Ke5 55. Kf7 f5 56. Kg6 Bd8 57. Kh5 Ke4 0-1

[Event "SLO-ch U14 Girls"]
[Site "Postojna"]
[Date "2008.02.27"]
[Round "5"]
[White "Zajc, Leja"]
[Black "Kovacec, Rebeka"]
[Result "1-0"]
[WhiteElo "1508"]
[BlackElo "1527"]
[PlyCount "133"]
[EventDate "2008.02.24"]
[EventType "swiss"]
[EventRounds "9"]
[EventCountry "SLO"]
[SourceTitle "EXT 2010"]
[Source "ChessBase"]
[SourceDate "2010.11.25"]
[SourceVersion "1"]
[SourceVersionDate "2010.11.25"]
[SourceQuality "1"]

1. e4 e5 2. Nf3 Nc6 3. d4 exd4 4. Nxd4 Bc5 5. Bd2 Qe7 6. Be3 Qf6 7. c3 Nge7 8. Bc4 0-0 9. 0-0 Qe5 10. Nxc6 Nxc6 11. Bxc5 Qd5 12. Qd3 Qxc5 13. Qd5 Qd6 14. Nd2 Qe6 15. Rae1 Ne5 16. Re2 c6 17. Qd4 Nxc4 18. Qxc4 Qxc4 19. Nxc4 d5 20. exd5 cxd5 21. Nd6 Rd8 22. Rfe1 Be6 23. Nxb7 Rdc8 24. Na5 g6 25. Nb3 Rab8 26. Nd4 Bd7 27. Rd1 Ba4 28. Rdd2 Bb5 29. Nxb5 Rxb5 30. Re5 Rcc5 31. f3 Kg7 32. f4 Kf6 33. Kf2 h6 34. Ke3 Kg7 35. Kd4 Rc4+ 36. Ke3 Rcc5 37. Kd3 Kf6 38. b3 g5 39. g3 a6 40. Kd4 Rc7 41. fxg5+ hxg5 42. Rf2+ Kg6 43. Rf3 Rd7 44. Rff5 f6 45. Rxd5 Rbxd5+ 46. Rxd5 Rc7 47. Rd6 a5 48. c4 Kf7 49. c5 Ke7 50. Kd5 f5 51. Re6+ Kd7 52. Rf6 f4 53. gxf4 gxf4 54. Rxf4 Kc8 55. Rf6 Rd7+ 56. Rd6 Rh7 57. Ra6 Rxh2 58. Rxa5 Rh5+ 59. Kc6 Rh6+ 60. Kb5 Kb7 61. Ra4 Rc6 62. Rd4 Re6 63. Rd6 Re7 64. c6+ Kc7 65. Rd7+ Rxd7 66. cxd7 Kxd7 67. Kb6 1-0

[Event "SLO-ch U14 Girls"]
[Site "Postojna"]
[Date "2008.02.25"]
[Round "2"]
[White "Kovacec, Rebeka"]
[Black "Tihole, Petra"]
[Result "1-0"]
[WhiteElo "1527"]
[BlackElo "1526"]
[PlyCount "65"]
[EventDate "2008.02.24"]
[EventType "swiss"]
[EventRounds "9"]
[EventCountry "SLO"]
[SourceTitle "EXT 2010"]
[Source "ChessBase"]
[SourceDate "2010.11.25"]
[SourceVersion "1"]
[SourceVersionDate "2010.11.25"]
[SourceQuality "1"]

1. e4 e5 2. Nc3 Nc6 3. d4 d6 4. h3 Nf6 5. Nf3 h6 6. Bb5 a6 7. Bxc6+ bxc6 8. dxe5 dxe5 9. Qxd8+ Kxd8 10. Nxe5 Ke8 11. 0-0 Bb7 12. a3 Rd8 13. Bf4 g5 14. Be3 Bd6 15. Nc4 Nd7 16. Rad1 Ne5 17. Nxd6+ cxd6 18. f4 Nc4 19. Bd4 Rg8 20. b3 Nxa3 21. Rd2 Nb5 22. Nxb5 axb5 23. Bf6 Rd7 24. fxg5 hxg5 25. Re1 Rg6 26. e5 d5 27. Rf2 Bc8 28. e6 fxe6 29. Rxe6+ Kf7 30. Rxc6 Rg8 31. Bxg5+ Ke8 32. Re6+ Re7 33. Rxe7+ 1-0

[Event "SLO-ch U14 Girls"]
[Site "Postojna"]
[Date "2008.02.24"]
[Round "1"]
[White "Krze, Nina"]
[Black "Kovacec, Rebeka"]
[Result "0-1"]
[WhiteElo "1500"]
[BlackElo "1527"]
[PlyCount "88"]
[EventDate "2008.02.24"]
[EventType "swiss"]
[EventRounds "9"]
[EventCountry "SLO"]
[SourceTitle "EXT 2010"]
[Source "ChessBase"]
[SourceDate "2010.11.25"]
[SourceVersion "1"]
[SourceVersionDate "2010.11.25"]
[SourceQuality "1"]

1. e4 e5 2. Nf3 Nc6 3. Bc4 Bc5 4. c3 Nf6 5. d3 h6 6. Be3 Bb6 7. Nbd2 0-0 8. 0-0 d5 9. exd5 Nxd5 10. Qe2 Bg4 11. h3 Bh5 12. Bb3 Re8 13. Bc2 Bg6 14. c4 Nf4 15. Qe1 Nxd3 16. Qb1 Ncb4 17. a3 Nxc2 18. Qxc2 Nxf2 19. Qc3 Nd3 20. Bxb6 axb6 21. Ne1 Qg5 22. Nxd3 Bxd3 23. Qxd3 Rad8 24. Qc3 Rxd2 25. Rf2 Rxf2 26. Kxf2 Qf4+ 27. Kg1 e4 28. Re1 e3 29. Qc1 Qf2+ 30. Kh1 e2 31. Qd2 Qf1+ 32. Kh2 f5 33. Qc1 Qf2 34. b4 f4 35. Kh1 c5 36. Qd2 Kh8 37. Qc3 h5 38. Qa1 Re3 39. Qc1 f3 40. gxf3 Qxf3+ 41. Kg1 Qg3+ 42. Kh1 Qxh3+ 43. Kg1 Rg3+ 44. Kf2 Qg2# 0-1

[Event "SLO-ch U14 Girls"]
[Site "Murska Sobota"]
[Date "2007.03.02"]
[Round "9"]
[White "Vombek, Sara"]
[Black "Kovacec, Rebeka"]
[Result "1-0"]
[WhiteElo "1864"]
[BlackElo "1524"]
[PlyCount "85"]
[EventDate "2007.02.25"]
[EventType "swiss"]
[EventRounds "9"]
[EventCountry "SLO"]
[SourceTitle "CBM 117 Extra"]
[Source "ChessBase"]
[SourceDate "2007.05.09"]
[SourceVersion "1"]
[SourceVersionDate "2007.05.09"]
[SourceQuality "1"]

1. e4 e5 2. Nf3 Nc6 3. Bb5 a6 4. Bxc6 dxc6 5. 0-0 Bg4 6. h3 Bh5 7. d3 Bd6 8. Nbd2 Ne7 9. Nb3 c5 10. Be3 b6 11. c3 Nc6 12. Rc1 Qd7 13. d4 cxd4 14. cxd4 0-0 15. Nxe5 Bxe5 16. Qxh5 Bxd4 17. Rfd1 Rad8 18. Bxd4 Nxd4 19. Rxd4 Qe7 20. Rxd8 Rxd8 21. Qf5 Qd7 22. Qxd7 Rxd7 23. Kf1 Kf8 24. Ke2 f6 25. Rd1 Re7 26. Kf3 Kf7 27. Nc1 g5 28. Ne2 Kg6 29. Ng3 h5 30. Nf5 g4+ 31. hxg4 hxg4+ 32. Kf4 Rh7 33. Kxg4 Kf7 34. Rd7+ Kg8 35. Rxh7 Kxh7 36. Kf4 b5 37. e5 fxe5+ 38. Kxe5 Kg6 39. f4 c5 40. Ne7+ Kf7 41. Nd5 b4 42. g4 c4 43. Nxb4 1-0

[Event "SLO-ch U12 Girls"]
[Site "Murska Sobota"]
[Date "2006.02.27"]
[Round "3"]
[White "Kovacec, Rebeka"]
[Black "Gornik, Janja"]
[Result "1/2-1/2"]
[WhiteElo "1500"]
[BlackElo "1515"]
[PlyCount "126"]
[EventDate "2006.02.26"]
[EventType "swiss"]
[EventRounds "9"]
[EventCountry "SLO"]
[SourceTitle "EXT 2009"]
[Source "ChessBase"]
[SourceDate "2008.11.26"]
[SourceVersion "1"]
[SourceVersionDate "2008.11.26"]
[SourceQuality "1"]

1. e4 e5 2. Nf3 Nc6 3. Bc4 Bc5 4. c3 Nf6 5. d4 exd4 6. cxd4 Bb4+ 7. Bd2 Bxd2+ 8. Nbxd2 d5 9. exd5 Nxd5 10. Qb3 Nce7 11. 0-0 0-0 12. Rfe1 c6 13. Bd3 Qc7 14. Bc2 Bf5 15. Ne4 Rfe8 16. Qa3 Qb6 17. Qb3 Qxb3 18. Bxb3 Rad8 19. Rac1 Ng6 20. Nc3 Nxc3 21. Rxe8+ Rxe8 22. Rxc3 Bg4 23. Re3 Rxe3 24. fxe3 Kf8 25. Ng5 f6 26. Nxh7+ Ke7 27. Bc2 Nh4 28. Kf2 g6 29. Kg3 Bf5 30. Bxf5 Nxf5+ 31. Kf4 Kf7 32. g4 Nd6 33. g5 fxg5+ 34. Nxg5+ Ke7 35. Ke5 Nc4+ 36. Kf4 Nxb2 37. e4 Nd3+ 38. Kf3 Nb4 39. a4 Nc2 40. d5 cxd5 41. exd5 Kd6 42. Ke4 Nb4 43. Nf7+ Ke7 44. Ne5 g5 45. Kf5 Kd6 46. Nf7+ Kxd5 47. Kxg5 a6 48. h4 b5 49. axb5 axb5 50. h5 Ke6 51. Nd8+ Ke7 52. h6 Kf8 53. Ne6+ Kg8 54. Nd4 Nd3 55. Nxb5 Ne5 56. Nd6 Nf7+ 57. Nxf7 Kxf7 58. Kf5 Kg8 59. Kg5 Kh8 60. Kh5 Kh7 61. Kg5 Kh8 62. Kf6 Kh7 63. Kg5 Kh8 1/2-1/2

[Event "SLO-ch U12 Girls"]
[Site "Sentjur"]
[Date "2005.02.28"]
[Round "4"]
[White "Medved, Sonja"]
[Black "Kovacec, Rebeka"]
[Result "1/2-1/2"]
[WhiteElo "1500"]
[BlackElo "1500"]
[PlyCount "120"]
[EventDate "2005.02.26"]
[EventType "tourn"]
[EventRounds "9"]
[EventCountry "SLO"]
[SourceTitle "CBM 105 Extra"]
[Source "ChessBase"]
[SourceDate "2005.05.01"]
[SourceVersion "1"]
[SourceVersionDate "2005.05.01"]
[SourceQuality "1"]

1. e4 e5 2. Bc4 Nf6 3. Nc3 Bc5 4. Nf3 Nc6 5. d3 0-0 6. h3 h6 7. 0-0 d6 8. Kh1 Be6 9. Bb3 Qc8 10. Nh2 Nd4 11. Bxe6 fxe6 12. Na4 Bb6 13. Nxb6 axb6 14. c3 Nc6 15. Ng4 d5 16. Nxf6+ Rxf6 17. Qg4 Qf8 18. f4 Qf7 19. f5 Rd8 20. Bd2 Rf8 21. Kg1 d4 22. c4 Ne7 23. Qg3 Nc6 24. b4 exf5 25. exf5 Rxf5 26. Rxf5 Qxf5 27. Bxh6 Rf7 28. a3 Kh7 29. Bd2 Kh8 30. Re1 Re7 31. Qf3 Qxf3 32. gxf3 Nd8 33. f4 Nf7 34. fxe5 Nxe5 35. Kg2 Re6 36. Kh1 Kg8 37. h4 Rf6 38. Rxe5 Rf1+ 39. Kg2 Rd1 40. Re2 Kh7 41. Kf3 Rf1+ 42. Rf2 Rxf2+ 43. Kxf2 Kg6 44. Kf3 Kh5 45. Ke4 c5 46. bxc5 bxc5 47. a4 Kxh4 48. a5 g5 49. Bxg5+ Kxg5 50. Kd5 Kf4 51. Kxc5 Ke3 52. Kb6 Kxd3 53. Kxb7 Kxc4 54. a6 d3 55. a7 d2 56. a8Q d1Q 57. Qa6+ Kc3 58. Qa5+ Kc2 59. Qa4+ Kc1 60. Qxd1+ Kxd1 1/2-1/2

[Event "SLO-ch U10 Girls"]
[Site "Celje"]
[Date "2004.02.25"]
[Round "7"]
[White "Kovacec, Rebeka"]
[Black "Bojc, Dasa"]
[Result "0-1"]
[WhiteElo "1500"]
[BlackElo "1500"]
[PlyCount "92"]
[EventDate "2004.02.22"]
[EventType "tourn"]
[EventRounds "8"]
[EventCountry "SLO"]
[SourceTitle "EXT 2008"]
[Source "ChessBase"]
[SourceDate "2007.11.25"]
[SourceVersion "1"]
[SourceVersionDate "2007.11.25"]
[SourceQuality "1"]

1. e4 e5 2. Nf3 Nc6 3. Bc4 Bc5 4. c3 Nf6 5. d4 exd4 6. cxd4 Bb4+ 7. Bd2 Nxe4 8. Bxb4 Nxb4 9. 0-0 0-0 10. a3 Nc6 11. d5 Ne7 12. Bb3 d6 13. h3 Bd7 14. Bc2 Nf6 15. Nc3 c6 16. Qb1 g6 17. dxc6 Bxc6 18. Qd1 Ned5 19. Ne4 Nxe4 20. Bxe4 Nf4 21. Bxc6 bxc6 22. Rc1 c5 23. Re1 Re8 24. Rxe8+ Qxe8 25. Qxd6 Ne2+ 26. Kf1 Nxc1 27. Qxc5 Qe2+ 28. Kg1 Nd3 29. Qd5 Re8 30. Ng5 Rf8 31. Qe4 Qxe4 32. Nxe4 Nxb2 33. Nf6+ Kg7 34. Nd7 Rd8 35. Ne5 Rd1+ 36. Kh2 Ra1 37. Nc6 Rxa3 38. Nb4 a5 39. Nc2 Ra2 40. Kg3 Nc4 41. Ne3 Nxe3 42. fxe3 a4 43. Kf3 a3 44. e4 Rb2 45. g3 a2 46. Ke3 a1Q 0-1

[Event "SLO-ch U10 Girls"]
[Site "Celje"]
[Date "2004.02.24"]
[Round "5"]
[White "Kovacec, Rebeka"]
[Black "Lubec, Tjasa"]
[Result "0-1"]
[WhiteElo "1500"]
[BlackElo "1500"]
[PlyCount "46"]
[EventDate "2004.02.22"]
[EventType "tourn"]
[EventRounds "8"]
[EventCountry "SLO"]
[SourceTitle "EXT 2008"]
[Source "ChessBase"]
[SourceDate "2007.11.25"]
[SourceVersion "1"]
[SourceVersionDate "2007.11.25"]
[SourceQuality "1"]

1. e4 e5 2. Nf3 Nc6 3. Bc4 Bc5 4. c3 Nf6 5. d4 exd4 6. cxd4 Bb4+ 7. Bd2 Bxd2+ 8. Nbxd2 d5 9. exd5 Nxd5 10. Qb3 Nce7 11. 0-0 0-0 12. Qc2 Bf5 13. Qc1 h6 14. h3 c6 15. Qd1 b5 16. Bb3 Bd3 17. Re1 Nf4 18. Ne5 Bg6 19. Nef3 Rc8 20. Rc1 c5 21. d5 Nexd5 22. g3 Nxh3+ 23. Kf1 Nc3 0-1